000 00519nam a2200217Ia 4500
003 OSt
005 20221005123046.0
006 a|||||r|||| 00| 0
007 ta
008 221004b |||||||| |||| 00| 0 eng d
024 _a118484
037 _cTextual
040 _aCRL
_cCRL
_beng
041 _2eng
_aeng
100 _aShakespeare
245 0 _aKing henry IV parts I & II by G K hunter
260 _c1970
650 _aENGLISH LITERATURE
942 _cTEXL
_2cc
999 _c1046254
_d1046254